00560cam a22001935a 450000500170000000800410001701000140005802000260007203500130009803700130011104000130012408200080013710000170014524500460016226000500020827000580025830000240031652000260034020091103014612.0090911s2009 ii ab b 100 0 eng d aENG-95389 a9788131305850c695.00 aEN-78922 aDBAD/PUB aDPLbeng a503 aMittal, Arun aDicitionary of science /c by Arun Mittal aNew Delhi :bAPH Publishing Corporationc2009 a4435-36/7. Ansari road, Darya GanjbNew Delhie110002 a 306p.c22 cm. (Hb) aContributed articles.